000 00526nam a2200181 i 4500
001 44817
003 ES-MaACL
005 20231204173109.0
007 t|
008 030324s1952 sp ||||1| spa d
100 1 _aClariana, Bernardo.
_939017
245 1 0 _aArco ciego /
_cBernardo Clariana ; poema inicial de Jorge Guillén.
260 _a[S.l. :
_bs.n.,
_c1952]
300 _a76 p. ;
_c22 cm.
700 1 _aGuillén, Jorge,
_d1893-1984
_960765
852 _aES-MaACL
_jD-7675
_bR.32405
999 _c44817
_d44817